000 00431nam a2200157 a 4500
005 20251113110156.0
008 251111s2013##################000#0#eng##
020 _a9788184984820
082 0 4 _a615.19
_bJHO
100 1 _aHarren Jhoti, Andrew R. Leach
245 1 0 _aStructure-based Drug Discovery
_cHarren Jhoti, Andrew R. Leach
260 _c2013.
300 _a290 pages
650 0 _aAir pilots, Military.
942 _cENGLISH
999 _c597151
_d597151